LIBRARY & INFORMATION CENTRE, KCAET, TAVANUR

ONLINE PUBLIC ACCESS CATALOGUE (OPAC)

Pouldry keeping in india (Record no. 1671)

MARC details
000 -LEADER
fixed length control field 00409cam a2200169ua 4500
041 ## - LANGUAGE CODE
Language code of text/sound track or separate title eng
082 ## - DEWEY DECIMAL CLASSIFICATION NUMBER
Classification number 636.5
Item number NAI/PU
100 ## - MAIN ENTRY--AUTHOR NAME
Personal name Naidu, P M N .
245 ## - TITLE STATEMENT
Title Pouldry keeping in india
260 ## - PUBLICATION, DISTRIBUTION, ETC. (IMPRINT)
Place of publication New Delhi :
Name of publisher Indian Council for Agricultural Research ,
Year of publication 1964.
300 ## - PHYSICAL DESCRIPTION
Number of Pages 252 ; .
942 ## - ADDED ENTRY ELEMENTS (KOHA)
Koha item type Books
Holdings
Withdrawn status Lost status Damaged status Home library Current library Date acquired Cost, normal purchase price Full call number Accession Number Koha item type
Withdrawn     KAUAET KAUAET 07/04/2012 10.35 636.5 7831 Books
free website counter